<?xml version="1.0" encoding="UTF-8"?><?xml-stylesheet type="text/xsl" href="static/style.xsl"?><OAI-PMH xmlns="http://www.openarchives.org/OAI/2.0/" xmlns:xsi="http://www.w3.org/2001/XMLSchema-instance" xsi:schemaLocation="http://www.openarchives.org/OAI/2.0/ http://www.openarchives.org/OAI/2.0/OAI-PMH.xsd"><responseDate>2026-06-01T08:31:48Z</responseDate><request verb="GetRecord" identifier="oai:riuma.uma.es:10630/32532" metadataPrefix="marc">https://riuma.uma.es/rest/oai/request</request><GetRecord><record><header><identifier>oai:riuma.uma.es:10630/32532</identifier><datestamp>2026-02-03T10:24:19Z</datestamp><setSpec>com_10630_1685</setSpec><setSpec>col_10630_38055</setSpec></header><metadata><record xmlns="http://www.loc.gov/MARC21/slim" xmlns:dcterms="http://purl.org/dc/terms/" xmlns:doc="http://www.lyncode.com/xoai" xmlns:xsi="http://www.w3.org/2001/XMLSchema-instance" xsi:schemaLocation="http://www.loc.gov/MARC21/slim http://www.loc.gov/standards/marcxml/schema/MARC21slim.xsd">
   <leader>00925njm 22002777a 4500</leader>
   <datafield ind2=" " ind1=" " tag="042">
      <subfield code="a">dc</subfield>
   </datafield>
   <datafield ind2=" " ind1=" " tag="720">
      <subfield code="a">Palomo-Pérez, Ana María</subfield>
      <subfield code="e">author</subfield>
   </datafield>
   <datafield ind2=" " ind1=" " tag="260">
      <subfield code="c">2024</subfield>
   </datafield>
   <datafield ind2=" " ind1=" " tag="520">
      <subfield code="a">La silla es, probablemente, el objeto más estudiado y diseñado de las últimas décadas. Encontramos en las sillas el centro de todas las conexiones, de los diseñadores con la sociedad, con las nuevas tecnologías, con el desarrollo sostenible, con la innovación, con los materiales, con el concepto de diseño y su evolución a lo largo de los años, etc. &#xd;
Por eso, este proyecto pretende unificar algunas de las preocupaciones y necesidades de la sociedad actual, y dar una solución a través del diseño de una silla propia, surgida a partir del concepto de desarrollo sostenible, la investigación de nuevos materiales y con la inspiración de su historia y su evolución en las diferentes épocas y corrientes artísticas.</subfield>
   </datafield>
   <datafield ind1="8" ind2=" " tag="024">
      <subfield code="a">https://hdl.handle.net/10630/32532</subfield>
   </datafield>
   <datafield tag="653" ind2=" " ind1=" ">
      <subfield code="a">Sillas - Diseño - Trabajos fin de grado</subfield>
   </datafield>
   <datafield ind2="0" ind1="0" tag="245">
      <subfield code="a">Rediseño de una silla inspirado en la evolución histórica de las sillas.</subfield>
   </datafield>
</record>
</metadata></record></GetRecord></OAI-PMH>